000 01348cab a2200217 4500
001 L129594
008 050504n2005 000 0 eng u
035 _a(Sirsi) u129594
041 _aeng
245 _aSpecial issue on European spatial planning
_bEuropean Spatial Development Perspective (ESDP)
260 _c2005
490 _aTown & Country Planning
_v74(3) March 2005, 100-102, 108-110, 111-112 (8)
520 _aPart of a special issue on European spatial planning. In "Tracing the influence of the ESDP on planning in the UK" Olivier Sykes and David Shaw examine how the EDSP has affected UK spatial planning. Adrian Healy in "Putting it all together" looks at how the initiatives driving the implementation of European spatial planning in practice integrate with UK planning activities. In " ESPON - past, present, and future" Simin Davoudi considers the aims, impacts and potential of the European Spatial Planning Observation Network (ESPON), the EU-sponsored network of institutions researching aspects of European spatial planning. Table covers ESPON's research priorities. Notes.
590 _aIKA190505
690 _aENVIRONMENTAL AND LAND CONSULTANCY-PLANNING AND DEVELOPMENT-STRATEGIC PLANNING
700 _aSykes, Olivier
700 _aShaw, David
700 _aHealy, Adrian
700 _aDavoudi, Simin
942 _n0
999 _c75173
_d75173